Workplace productivity (Record no. 106416)

MARC details
000 -LEADER
fixed length control field 00860cam a2200193 4500
001 - CONTROL NUMBER
control field L136521
008 - FIXED-LENGTH DATA ELEMENTS--GENERAL INFORMATION
fixed length control field 070205n2006 000 0 eng u
035 ## - SYSTEM CONTROL NUMBER
System control number (Sirsi) u136521
050 04 - LIBRARY OF CONGRESS CALL NUMBER
Classification number 725.23 $2 18
245 00 - TITLE STATEMENT
Title Workplace productivity
Remainder of title design, location and people
260 ## - PUBLICATION, DISTRIBUTION, ETC.
Place of publication, distribution, etc. London
Name of publisher, distributor, etc. British Council for Offices
Date of publication, distribution, etc. 2006
300 ## - PHYSICAL DESCRIPTION
Extent 45p. $3 0cm.
350 ## - PRICE (NR) (BK AM CF MU VM SE) [OBSOLETE]
Price 30.00
505 2# - FORMATTED CONTENTS NOTE
Formatted contents note Current themes, practices and designs improving office efficiency -- Occupier case studies -- The suppliers' view
520 ## - SUMMARY, ETC.
Summary, etc. Discusses case studies amongst office occupiers who have recently relocated or refurbished, and interviews with suppliers who deal in improving the office relocation. Reports on how design can affect business performance and staff performance.
651 #4 - SUBJECT ADDED ENTRY--GEOGRAPHIC NAME
Geographic name GREAT BRITAIN
690 ## - LOCAL SUBJECT ADDED ENTRY--TOPICAL TERM (OCLC, RLIN)
Topical term or geographic name as entry element BUILT ENVIRONMENT-CONSTRUCTION DESIGN
942 ## - ADDED ENTRY ELEMENTS (KOHA)
Suppress in OPAC 0
Holdings
Withdrawn status Lost status Source of classification or shelving scheme Damaged status Not for loan Home library Current library Shelving location Date acquired Total Checkouts Full call number Barcode Date last seen Date last checked out Copy number Price effective from Koha item type
    Dewey Decimal Classification     London London Missing 15/02/2007 9 P 725.23 WOR 30073665 06/08/2019 21/10/2008 1 06/08/2019 Book